• 首页
  • 本馆介绍
  • 公告通知
  • 最新文献
  • 馆藏检索
  • 电子资源
  • 读者导购
  • 参考咨询
  • 我的图书馆
  • 登录
  • 详细信息显示
  • 放入我的书架
  • 预约/预借图书
  • 作者相关作品
  • 分类相关作品
  • 丛书相关作品
  • 出版社相关作品

书目信息

  • 表格格式
  • 工作单格式
  • 卡片格式
题名:
数学方法论
    
 
作者: 马忠林 著
分册:  
出版信息: 南宁   广西教育出版社  1996
页数: 229页
开本: 20cm
丛书名: 学科现代教育理论书系
单 册:
中图分类: O1- 0
科图分类:
主题词: 数学
电子资源:
ISBN: 7-5435-2533-X
000 00578nam0 2200205 450
001 0732828906
005 20070903090708.90
010    @a7-5435-2533-X@d¥14.00
100    @a20070903d km y0chiy0120 ea
101 0  @achi
200 1  @a数学方法论@Ashu xue fang fa lun@f马忠林著@Fma zhong lin zhu
210    @a南宁@c广西教育出版社@d1996
215    @a229页@d20cm
225 2  @a学科现代教育理论书系
410  0 @12001 @a学科现代教育理论书系
606 0  @a数学
690    @aO1- 0@v3
701  0 @a马忠林@Ama zhong lin@4著
801  0 @aCN@bPFT@c20070903
905    @a213230@dO1- 0@eS78@f1
    
    数学方法论/马忠林著.-南宁:广西教育出版社,1996
    229页;20cm.-(学科现代教育理论书系)
    
    
    ISBN 7-5435-2533-X:¥14.00
    
●
相关链接 在E读中查询图书 在五车中查询图书 在当当中查询图书 在豆瓣中查询图书


正题名:数学方法论     索取号:O1- 0/S78         预约/预借

序号 登录号 条形码 馆藏地/架位号 状态 备注
1 6700120   267001200   密集书库-数信学院/ [索取号:O1- 0/S78] 在馆    
唐山师范学院图书馆 欢迎您!
大连网信软件有限公司© 版权所有